000 00492nam a22001457a 4500
082 _a621.3
100 _aFatima, Rabia
245 _aPerformance analysis of Advanced Wireless Systems Employing Harq based Overload Mimo /
_cRabia Fatima
260 _aIslamabad :
_bMCS - NUST,
_c2017.
300 _a101 p. ;
_c30cm.
650 _aElectrical Engineering-MS-Thesis
_916073
700 _aDr. Adnan Ahmed Khan
_934950
942 _2ddc
_cTHE
999 _c540773
_d540773